Development of adult education in India / (Record no. 160906)

MARC details
000 -LEADER
fixed length control field 00494nam a22001697a 4500
005 - DATE AND TIME OF LATEST TRANSACTION
control field 20190216123414.0
010 ## - LCCN (DPL NO)
LC control number A-424625
020 ## - INTERNATIONAL STANDARD BOOK NUMBER
International Standard Book Number 8171581137
Terms of availability 550.00
035 ## - SYSTEM CONTROL NUMBER
System control number A-424625
037 ## - SOURCE OF ACQUISITION
Source of stock number/acquisition Akashdeep Publishing House
082 ## - DEWEY DECIMAL CLASSIFICATION NUMBER
Classification number 374.454
100 ## - MAIN ENTRY--PERSONAL NAME
Personal name Sharma, Sita Ram
245 ## - TITLE STATEMENT
Title Development of adult education in India /
Statement of responsibility, etc Sita Ram Sharma
260 ## - PUBLICATION, DISTRIBUTION, ETC. (IMPRINT)
Place of publication, distribution, etc Delhi
Name of publisher, distributor, etc Akashdeep Publishing House
Date of publication, distribution, etc 1990
300 ## - PHYSICAL DESCRIPTION
Extent 616p.
Accompanying material 22cm(hbk)
942 ## - ADDED ENTRY ELEMENTS (KOHA)
Source of classification or shelving scheme Dewey Decimal Classification
Item type English Books
Classification part 374.454
Call number suffix SHA
Holdings
Withdrawn status Lost status Not for loan Collection code Home library Current library Date acquired Full call number Barcode Koha item type
      Non-fiction Sarojini Nagar Sarojini Nagar 16/02/2019 374.454 SHA A-424625 English Books

© Delhi Public Library
Hit Counter
free hit counter